000 00202 a2200097 4500
001 3782
100 _aPanikkor, K.M
245 _aAsia & western dominance
260 _a
_bAllen
_c
090 _c3017
_d3017
942 _aNUST-CAE
_cM
_c22414
999 _c238855
_d238855